| 000 | 01070nam a2200241Ia 4500 | ||
|---|---|---|---|
| 003 | IN-BaIIA | ||
| 008 | 211028s9999 xx 000 0 eng d | ||
| 020 | _a0-8194-5425-7 | ||
| 040 | _cIIA Library | ||
| 080 |
_a535(082.1) _bSPI-5493 |
||
| 111 |
_aSociety of Photo-optical Instrumentation Engineers Conference _cUnited Kingdom _d2004 June 24-25 _929857 |
||
| 245 | 0 |
_aOptimizing scientific return for astronomy through information technologies _bproceedings of SPIE conference held in Scotland, Glasgow, United Kingdom, 24-25 June 2004 _cedited by Peter J. Quinn and Alan Bridger |
|
| 260 |
_aWashington _bThe International Society for Optical Engineering _c2004 |
||
| 300 | _axi, 596p. | ||
| 490 | _aSPIE proceedings series; v. 5493 | ||
| 650 |
_aAstronomy _980 |
||
| 650 |
_aData processing systems _929858 |
||
| 650 |
_aInformation technology _916636 |
||
| 700 |
_aBridger, Alan., ed. _929859 |
||
| 700 |
_aQuinn, Peter J., ed. _922967 |
||
| 710 | _aSociety of Photo-optical Instrumentation Engineers | ||
| 942 | _cBK | ||
| 999 |
_c16137 _d16137 |
||